La vida española en el siglo XVIII / (Record no. 56109)
[ view plain ]
| 000 -LEADER | |
|---|---|
| campo de control de longitud fija | 00622nam a2200193 i 4500 |
| 001 - NÚMERO DE CONTROL | |
| campo de control | 56109 |
| 003 - IDENTIFICADOR DE NÚMERO DE CONTROL | |
| campo de control | ES-MaACL |
| 005 - FECHA Y HORA DE LA ÚLTIMA TRANSACCIÓN | |
| campo de control | 20250808004242.0 |
| 007 - CAMPO FIJO DE DESCRIPCIÓN FÍSICA--INFORMACIÓN GENERAL | |
| campo de control de longitud fija | t| |
| 008 - DATOS DE LONGITUD FIJA--INFORMACIÓN GENERAL | |
| campo de control de longitud fija | 031003s1946 sp ||||1| spa d |
| 100 1# - ENTRADA PRINCIPAL--NOMBRE DE PERSONA | |
| Nombre de persona | Díaz-Plaja, Fernando, |
| Fechas asociadas al nombre | 1918-2012 |
| 9 (RLIN) | 44396 |
| 245 13 - MENCIÓN DEL TÍTULO | |
| Título | La vida española en el siglo XVIII / |
| Mención de responsabilidad, etc. | por Fernando Díaz-Plaja. |
| 260 ## - PUBLICACIÓN, DISTRIBUCIÓN, ETC. | |
| Lugar de publicación, distribución, etc. | Barcelona : |
| Nombre del editor, distribuidor, etc. | Alberto Martín, |
| Fecha de publicación, distribución, etc. | [1946] ( |
| Fabricante | Agustín Núñez) |
| 300 ## - DESCRIPCIÓN FÍSICA | |
| Extensión | 269 p., 20 lám. ; |
| Dimensiones | 22 cm. |
| 490 1# - MENCIÓN DE SERIE | |
| Mención de serie | El mundo y los hombres |
| 830 03 - PUNTO DE ACCESO ADICIONAL DE SERIE-TÍTULO UNIFORME | |
| Título uniforme | El mundo y los hombres |
| 9 (RLIN) | 181466 |
| 852 ## - LOCALIZACIÓN | |
| Ubicación | ES-MaACL |
| Número de control de estantería | B-10602 |
| Sublocalización o colección | R.22310 |
| Estatus retirado | Estado de pérdida | Estado de daño | No para préstamo | Biblioteca de origen | Biblioteca actual | Ubicación en estantería | Fecha de adquisición | Fuente de adquisición | Total de préstamos | Signatura topográfica completa | Código de barras | Visto por última vez | Precio de reemplazo | Tipo de ítem Koha |
|---|---|---|---|---|---|---|---|---|---|---|---|---|---|---|
| Biblioteca del Ateneo de Madrid | Biblioteca del Ateneo de Madrid | Sala Pardo Bazán | 17/01/2008 | B-10602 | 1058934 | 23/02/2023 | 23/02/2023 | Libro impreso |
